000 01011nam a2200229Ia 4500
003 Ost
005 20260507075020.0
008 260507s9999||||xx |||||||||||||| ||und||
020 _a4076119957
040 _cfsecg
041 _aara
082 _a378.242
100 _aالدجاني، عدنان يوسف
_eمؤلف
245 0 _aكيف تحضر الرسالة الجامعية :
_bالمقالة-الورقة الفصلية-المشروع-الأطروحة-التقديم والالقاء-التقرير /
_c عدنان يوسف الدجاني
260 _aعمان:
_bدار وائل للنشر,
_c2000
300 _a62 صفحة؛
_bإيضاحات ؛
_c24 سم
520 _aالورقة الفصلية والمقالة- الرسالة والأطروحة ومشروع التخرج- الحلقات الدراسية وأساليب الالقاء- التقرير
653 _aالبحوث
653 _aالتقارير العلمية
653 _aالرسائل الجامعية
942 _cكتاب
999 _c42265
_d42265